Analysis
Αποθηκεύτηκε σε:
| Κύριος συγγραφέας: | |
|---|---|
| Μορφή: | Βιβλίο |
| Γλώσσα: | English |
| Δημοσίευση: |
New Delhi :
Hindustan Book Agemcy,
c2006
|
| Σειρά: | Texts and readings in mathematics ;
; 37, 38 |
| Θέματα: | |
| Ετικέτες: |
Προσθήκη ετικέτας
Δεν υπάρχουν, Καταχωρήστε ετικέτα πρώτοι!
|
MARC
| LEADER | 00000nam a2200000 i 4500 | ||
|---|---|---|---|
| 001 | 1/60484 | ||
| 008 | 071026s2006 eng d | ||
| 020 | |a 81-85931-63-1 | ||
| 020 | |a 81-85931-62-3 | ||
| 035 | |l 10091845 | ||
| 040 | |a GR-MY-UA |b gre |e aacr | ||
| 041 | 0 | |a eng | |
| 082 | 0 | |a 515 |2 (22) | |
| 100 | 1 | |a Tao, Terence |d 1975- | |
| 245 | 1 | 0 | |a Analysis / |c Terence Tao |
| 260 | |a New Delhi : |b Hindustan Book Agemcy, |c c2006 | ||
| 300 | |a 2 τ.; |c 22 εκ. | ||
| 490 | 1 | |a Texts and readings in mathematics |v ; 37, 38 | |
| 504 | |a Περιέχει ευρετήριο | ||
| 505 | 0 | |a Τ.1. Analysis I -- τ.2. Analysis II | |
| 650 | 0 | 0 | |a Mathematical analysis. |
| 740 | 0 | 2 | |a Analysis I |
| 740 | 0 | 2 | |a Analysis II |
| 830 | 0 | |a Texts and readings in mathematics ; |v ; 37, 38 | |
| 852 | |a INST |b SAMOS |e 20071210 |h 515 TAO |p 005300027530 |q 005300027530 |t BK |y 0 |z τ.2 | ||
| 852 | |a INST |b SAMOS |e 20071026 |h 515 TAO |p 005300028022 |q 005300028022 |t BK |y 0 |z τ.1 | ||
| 852 | |a INST |b SAMOS |e 20071210 |h 515 TAO |p 005300027530 |q 005300027530 |t BK |v τ.2: |y 0 |z τ.2 | ||
| 852 | |a INST |b SAMOS |e 20071026 |h 515 TAO |p 005300028022 |q 005300028022 |t BK |v τ.1: |y 0 |z τ.1 | ||
| 853 | |a INST |b SAMOS |h 515 TAO | ||
| 901 | |a BIBL3-2007-3 | ||
| 909 | |a Σ |b 140448 | ||
| 909 | |a Σ |b 139667 | ||
| 922 | |a 3ΕΛΗ | ||
| 922 | |a 3ΕΛΗ |b 200709 |c ΕΠΕΑΕΚ2/ΤΜΗΜΑ ΜΑΘΗΜΑΤΙΚΩΝ |d ΠΑΠΑΣΩΤΗΡΙΟΥ | ||
| 970 | |a ΚΟΣΙΕΡΗΣ |b ΧΡΗΣΤΟΣ |z 2007/10/26 | ||